000 00604nam a2200169 4500
008 171118b xxu||||| |||| 00| 0 eng d
020 _a041507956X
082 _21994
_aDC 365.7
_bP71p
245 _aPrisons after Woolf :
_b reform through riot /
_cedited by Elaine Player and Michael Jenkins.
260 _aNew York :
_bRoutledge,
_c©1994.
300 _axii, 278 pages. ;
_c24 cm.
500 _aIncludes bibliographical references and indexes.
650 0 _923450
_aPrisons
_zGreat Britain
700 _923452
_aPlayer, Elaine, editor.
700 _923453
_aJenkins, Michael, editor.
942 _2ddc
_cDC
999 _c7775
_d7775